Это реальная личность? №5 - Внезапная смерть - Statistics

General Stats
  • This quiz has been taken 22 times
  • The average score is 4 of 6
Answers on the Grid
Answers color-coded by a green-red scale on the quiz's grid according to % correct below.
Марти Макфлай
Пол Пот
Стьюи Гриффин
Туве Янссон
Николай Ставрогин
Лелуш Британский
Александрина Себастьян
Софья Перовская
Том Марволо Реддл
Юграм Хашвальт
Павел Чичиков
Баки Барнс
Грета Тунберг
Данила Багров
Уилл Тёрнер
Акка Кнебекайзе
Джеймс Мориарти
Роман Трахтенберг
Тифа Локхарт
Анатолий Чубайс
 
Answer Stats
Answer % Correct
Грета Тунберг
76%
Туве Янссон
59%
Роман Трахтенберг
59%
Анатолий Чубайс
59%
Пол Пот
53%
Софья Перовская
53%
No matching quizzes found
Score Distribution
Percent of People with Each Score
Percentile by Number Answered
Your Score History
You have not taken this quiz